The Muslim Conquest of Central Asia (Record no. 551949)
[ view plain ]
| 000 -LEADER | |
|---|---|
| fixed length control field | 00356nam a22001217a 4500 |
| 082 ## - DEWEY DECIMAL CLASSIFICATION NUMBER | |
| Classification number | 958 |
| Author Mark | MAL |
| -- | L-30II, P-38 |
| 100 ## - MAIN ENTRY--PERSONAL NAME | |
| Personal name | Malik, S.K, |
| 9 (RLIN) | 37514 |
| 245 ## - TITLE STATEMENT | |
| Title | The Muslim Conquest of Central Asia |
| Statement of responsibility, etc. | Malik, S.K, |
| 260 ## - PUBLICATION, DISTRIBUTION, ETC. | |
| Place of publication, distribution, etc. | Rawalpindi : |
| Name of publisher, distributor, etc. | Army Education Press |
| Date of publication, distribution, etc. | First 1981 |
| 300 ## - PHYSICAL DESCRIPTION | |
| Extent | 118p. : |
| 526 ## - STUDY PROGRAM INFORMATION NOTE | |
| Program name | 0 |
| Interest level | 0 |
| Reading level | 0 |
| Title point value | 958_000000000000000_MAL |
| 942 ## - ADDED ENTRY ELEMENTS (KOHA) | |
| Source of classification or shelving scheme | |
| Koha item type | Book |
| Withdrawn status | Lost status | Source of classification or shelving scheme | Damaged status | Not for loan | Permanent Location | Current Location | Date acquired | Total Checkouts | Full call number | Barcode | Date last seen | Price effective from | Koha item type |
|---|---|---|---|---|---|---|---|---|---|---|---|---|---|
| Military College of Engineering (MCE) | Military College of Engineering (MCE) | 01/01/2015 | 958 MAL | MCE-8910 | 01/01/2015 | 01/01/2015 | Book |
